000 00371nam a2200121Ia 4500
008 220620s9999||||xx |||||||||||||| ||und||
245 0 _aEffects of Stress on Human Health
546 _aEnglish[eng]
650 _aClinical psychology
700 _aÇakmur, Hülya
856 _uhttps://mts.intechopen.com/storage/books/8650/authors_book/authors_book.pdf
942 _cEB
999 _c35199
_d35199